PL Winners with 2 Clubs - Statistics

General Stats
  • This quiz has been taken 236 times
  • The average score is 12 of 22
Answer Stats
Clubs Player % Correct
Leicester City Riyad Mahrez
94%
Manchester City Riyad Mahrez
94%
Leicester City N'Golo Kante
93%
Chelsea N'Golo Kante
93%
Arsenal Ashley Cole
76%
Chelsea Ashley Cole
76%
Manchester United Carlos Tevez
74%
Manchester City Carlos Tevez
74%
Manchester City James Milner
66%
Liverpool James Milner
66%
Arsenal Gael Clichy
41%
Manchester City Gael Clichy
41%
Arsenal Kolo Toure
40%
Manchester City Kolo Toure
40%
Chelsea Robert Huth
40%
Leicester City Robert Huth
40%
Arsenal Nicholas Anelka
30%
Chelsea Nicholas Anelka
30%
Blackburn Rovers Henning Berg
14%
Manchester United Henning Berg
14%
Chelsea Mark Schwarzer
10%
Leicester City Mark Schwarzer
10%
No matching quizzes found
Score Distribution
Percent of People with Each Score
Percentile by Number Answered
Your Score History
You have not taken this quiz